00933nam a2200205Ia 4500003000400000005001700004008004100021040000900062082001700071100002200088245004900110260005100159300000900210650002200219942004000241952014300281952014300424952014300567999001700710OSt20200131115140.0190216s9999||||xx |||||||||||||| ||und|| coclc a321.8bSTR/M aStrong, C F91699 0aModern Political Constitutions /cC F Strong bEnglish Language Book Society,c1966.aLondon: a389p aPolitical Science cBK2ddch321.8iSTR/Mk321.8mSTR/M 00102ddc40708POLITICAL SCIENCEaMESbMEScPOLd2019-02-20g15.00l0o321.8 STR/Mp1753r2019-02-20 00:00:00t3w2019-02-20yBKzGL10R3 00102ddc40708POLITICAL SCIENCEaMESbMEScPOLd2019-02-20g15.00l0o321.8 STR/Mp4292r2019-02-20 00:00:00t1w2019-02-20yBKzGL10R3 00102ddc40708POLITICAL SCIENCEaMESbMEScPOLd2019-02-20g15.00l0o321.8 STR/Mp4488r2019-02-20 00:00:00t2w2019-02-20yBKzGL10R3 c34777d34777